000 00911nam a22002537a 4500
001 3570
003 FISKH
005 20240320162139.0
008 240320b cb ||||| |||| 00| 0 eng d
040 _aFISK
_beng
_cFISK
_dFISK
050 _aPZ7.L3274
082 _a813.54
100 _aLasky Kathryn
_d1944-
245 _aThe journey /
_cKathryn Lasky
260 _aNew York :
_bScholastic,
_c2003
300 _a242 pages :
_c20 cm
490 _3Guardians of ga'hoole
_aBook 2
505 _aM
520 _aThe Great Ga'Hoole tree is a mythic place where Soren, Gylfie, Twilight and Digger seek to find the means to fight the evil that infects the kngdom. There they will be tested in ways they never dreamed, but there they can learn to become true Ga'Hoolian owls--brave, wise, honest, true.
521 8 _a810
_bLexile
700 _aKathryn Lasky
942 _2ddc
_cBK
_n0
999 _c3570
_d3570